| 000 | 01191nam a22002177a 4500 | ||
|---|---|---|---|
| 999 |
_c11073 _d11073 |
||
| 003 | AR-CdUCM | ||
| 008 | 190402b ||||| |||| 00| 0 spa d | ||
| 040 |
_aMUNICIPALIDAD PROVINCIAL DEL CUSCO _cBIBLIOTECA MUNICIPAL DEL CUSCO |
||
| 082 |
_a343.8 / _bV63 / 1947 |
||
| 100 |
_aVidal Cárdenas, Enrique _928203 |
||
| 245 | _aLegislación de impuestos a la renta / | ||
| 260 |
_aLima : _bImprenta gil, _c1947. |
||
| 300 |
_a600 paginas ; _bCuadros, _c25 cm. |
||
| 505 | _aContenido : Leyes ampliatorias o modificatorias de la N°7904 -- Reglamentación y jurisprudencia administrativa del impuesto sobre la renta del capital movible -- Reglamentación y jurisprudencia administrativa del impuesto a las utilidades industriales y comerciales -- Reglamentación y jurisprudencia administrativa del impuesto a las sobre utilidades -- Reglamentación y jurisprudencia administrativa del impuesto a las utilidades obtenidas en el ejercicio de las profesiones no comerciales... | ||
| 650 |
_aImpuesto a la renta _98966 |
||
| 650 |
_aImpuesto patente _928204 |
||
| 650 |
_aUtilidades industriales _928205 |
||
| 650 |
_aTransferencia de inmuebles _928206 |
||
| 942 |
_2ddc _cLIBROS |
||
| 945 | _awnts | ||